000
00220nam a22000977a 4500
999
_c
15792
_d
15792
003
OSt
008
191021b ||||| |||| 00| 0 eng d
100
_a
Kesava ,Menon K P.
_9
4314
245
_a
Jeevitha chinthakal
942
_c
BK